000 00455nam a2200181Ia 4500
001 17924
005 20260306171552.0
008 260306s9999||||xx |||||||||||||| ||und||
041 _aESP
082 _a658.3
_bD281
100 _aDuarte Lagunes, Lorena
_eAUT
245 0 _aDirección por hábitos:
_buna propuesta de valoración
260 _c2004
300 _a107 páginas :
_c20 cm.
650 _aGEN
654 _aCAN
942 _cLIB
_dJUS
_fJUS
_2ddc
_n
999 _c17924
_d17924